| 000 | 00529nam a22001817a 4500 | ||
|---|---|---|---|
| 003 | LK-CoMWRAF | ||
| 005 | 20231027003720.0 | ||
| 008 | 231027b |||||||| |||| 00| 0 eng d | ||
| 040 |
_aLK-CoMWRAF _dLK-CoMWRAF _eLK-CoMWRAF |
||
| 041 | _aeng | ||
| 082 |
_a297.122 _bPIR |
||
| 100 | _aPirzada, Shams | ||
| 245 |
_aDawatul Quran : _bArabic text, Translation and commentary : (Surah-Al-Anfal and S. Taubah) |
||
| 260 |
_aBombay : _bIdara dawatul Quran, |
||
| 650 | _aQuran | ||
| 700 |
_aShaikh, Abdul Karim _etrans. |
||
| 942 | _cBK | ||
| 999 |
_c4016 _d4016 |
||